Etiqueta de registo: 00230nam 2200025 450
001 1713946
003 http://id.bnportugal.gov.pt/bib/catbnp/1713946
010 ## $a978-972-8870-12-6
021 ## $aPT$b266414/07
100 ## $a20090527d2007 m y0pory0103 ba
101 0# $apor$afre
102 ## $aPT
105 ## $aa z 000fy
106 ## $ar
200 1# $aComo se nada fosse$ememórias de Bruxelas e outras histórias$dComme si de rien n'était$emémoires de Bruxelles et autres histoires$fJu Andrade$zfre
210 #9 $aÁguas Santas$cSempre-em-Pé,$d2007
215 ## $a119 p.$cil.$d21 cm
225 2# $aAlegria de ler$v2
305 ## $aEd. bilíngue em português e francês
510 1# $aComme si de rien n'était$emémoires de Bruxelles et autres histoires$zfre
675 ## $a821.134.3-34"20"$vBN$zpor$31018838
700 #1 $aAndrade,$bJu$31377809
801 #0 $aPT$bBN$gRPC
900 ## $aBIBNAC$d20130602
966 ## $lBN$mFGMON$sL. 99305 V.$x1
966 ## $lBN$mFGMON$sL. 99305 V.-D$x1
Etiqueta de registo: 00230nam 2200025 450
001 1808134
003 http://id.bnportugal.gov.pt/bib/catbnp/1808134
010 ## $a978-989-697-224-0
021 ## $aPT$b328860/11
100 ## $a20120330d2011 m y0pory0103 ba
101 0# $apor
102 ## $aPT
105 ## $ay z 000ay
106 ## $ar
200 1# $aToxic love$fJu Andrade
205 ## $a1ª ed
210 #9 $a[Lisboa]$cChiado Editora,$d2011
215 ## $a91, [2] p.$d22 cm
675 ## $a821.134.3-31"20"$vBN$zpor$31044234
700 #1 $aAndrade,$bJu$31377809
801 #0 $aPT$bBN$gRPC
900 ## $aBIBNAC$d20120418
966 ## $lBN$mFGMON$sL. 111220 V.
966 ## $lBN$mFGMON$sL. 111220 V.-D
Etiqueta de registo: 00000nam 2200025 450
001 2015776
003 http://id.bnportugal.gov.pt/bib/catbnp/2015776
010 ## $a978-989-54303-2-1
021 ## $aPT$b450112/18
100 ## $a20190227d2018 e y0pory01030103ba
101 0# $apor
102 ## $aPT
105 ## $ay z 000gy
106 ## $ar
200 1# $aOlhares dispersos$fJu Andrade$gil. Maria da Conceição Afonso
205 ## $a1ª ed
210 #9 $a[S.l.]$cModocromia,$d2018
215 ## $a59, [1] p.$d22 cm
675 ## $a821.134.3-1"20"$vBN$zpor$31023893
700 #1 $aAndrade,$bJu$31377809
702 #1 $aAfonso,$bMaria da Conceição$4440$31745781
801 #0 $aPT$bBN$gRPC
856 41 $uhttp://rnod.bnportugal.gov.pt/ImagesBN/winlibimg.aspx?skey=&doc=2015776&img=121949&save=true
900 ## $aBIBNAC$d20190318
966 ## $lBN$mFGMON$sL. 147140 V.$x1
966 ## $lBN$mFGMON$sL. 147140 V.-D$x1
Etiqueta de registo: 00000nam 2200025 450
001 2288954
003 http://id.bnportugal.gov.pt/bib/catbnp/2288954
010 ## $a978-989-53803-0-5
021 ## $aPT$b504719/22
100 ## $a20260626d2022 m y0pory01030103ba
101 0# $apor
102 ## $aPT
105 ## $aa z 000yy
106 ## $ar
200 1# $a Os murmúrios da casa$fJu Andrade$gil. Oliveira Tavares
205 ## $a1ª ed
210 #9 $a[S.l.]$cModocromia,$d2022
215 ## $a51, [1] p.$cil.$d22 cm
700 #1 $aAndrade,$bJu$31377809
702 #1 $aTavares,$bOliveira,$f1961-$4440$31648626
801 #0 $aPT$bBN$gRPC
966 ## $lBN$mFGMON$x1
966 ## $lBN$mFGMON$x1
971 ## $cssilva$d20260626